| 000 | 00474nam a2200181 i 4500 | ||
|---|---|---|---|
| 001 | 100972 | ||
| 003 | ES-MaACL | ||
| 005 | 20251013212908.0 | ||
| 007 | t| | ||
| 008 | 051010s1935 fr ||||1| fre d | ||
| 100 | 1 |
_aMaulnier, Thierry. _979207 |
|
| 245 | 1 | 0 |
_aRacine / _cThierry Maulnier. |
| 260 |
_aParis : _bBar-le-Duc, _c1935. |
||
| 300 |
_a285 p. ; _c19 cm. |
||
| 600 | 1 | 4 |
_aRacine, Jean, _d1639-1699 _994887 |
| 852 |
_aES-MaACL _jA-3612 |
||
| 999 |
_c100972 _d100972 |
||